แสดงรายละเอียดบรรณานุกรม
  กลับหน้าหลัก

Brief Record : Get Marc (ISO 2709) : E-mail record : QR code ปิดหน้าต่าง
E-books : เกี่ยวกับ Collections
LEADER 00000nama 2200000uu 4500
001    198557
003     ULIBM
008    040531s|||| th m m a000 0 tha d
020    9744098333
041    tha
050    WA108 ฉ448ร 2549
100    เฉลียว ปิยะชน.
245    รู้สู้โรค : โมเลกุลเพื่อชีวิต ชีวิตเพื่อสุขภาพ = Molecular-Cellular Holistic Preventive medicine/เฉลียว ปิยะชน.
260    กรุงเทพฯ. สุขภาพใจ. 2549.
300    527 หน้า.
650    1.สุขภาพ 2.โรค--การป้องกันและรักษา 3.การดูแลสุขภาพด้วยตนเอง--รวมเรื่อง.
995    001
รายการนี้ยังไม่มีแท็ก
คุณยังไม่ได้ล็อกอิน คุณสามารถมีกิจกรรมร่วมกับเว็บไซต์ได้ แต่ต้องล็อกอินก่อน ::
  ล็อกอิน
ลำดับที่ ประเภท เลขเรียก สถานที่ สถานะ
1. หนังสือทั่วไป
หนังสือทั่วไป
WA108 ฉ448ร 2549  
  
หนังสือทั่วไป On Shelf
  ขอยืม
2. หนังสือทั่วไป
หนังสือทั่วไป
WA108 ฉ448ร 2549  
  
หนังสือทั่วไป On Shelf
  ขอยืม
   [แสดง 2/2 รายการ]

รายการใกล้เคียง
    ผู้แต่ง [เฉลียว ปิยะชน.]

BibComment


ยังไม่เคยถูกคอมเมนท์

คอมเมนท์ทรัพยากรรายการนี้
  คอมเมนท์: รู้สู้โรค โมเลกุ..
Bib 198557

 
 
 

 Union Library Management : ULibM
Copyright 2026. All Rights Reserved.
скачать бесплатно без регистрации порно красивый секс HD Sex Hindi sex

xxx gou

xxxx

bfxxx

xxxwww

Секса Видео

xxxx

Секса Видео

detube

geilexxx

C99 Shell

worms shell

blod xxx video
Ebony Coed Rihanna Rimes Takes A Dick In Her Young Twat priyaa indian fuck anal and pusssy hardcore indian women xxx desi hardcore fucking part 1 bengalixxxcouple